Capitaines de l'équipe de France sous Didier Deschamps - Statistiques

Statistiques générales
  • Ce quiz a été pris 252 fois
  • Le résultat moyen est 10 sur 16
Statistiques - réponses
Hint Réponse % Correct
108 Hugo Lloris
99%
21 Kylian Mbappé
99%
5 Antoine Griezmann
95%
20 Raphaël Varane
90%
2 Olivier Giroud
87%
1 Paul Pogba
86%
4 N'golo Kanté
83%
1 Karim Benzema
73%
7 Blaise Matuidi
70%
2 Aurélien Tchouaméni
49%
1 Laurent Koscielny
43%
1 Benjamin Pavard
42%
3 Ibrahima Konaté
38%
1 Mamadou Sakho
32%
2 Presnel Kimpembe
28%
1 Yohan Cabaye
26%
Aucun quiz correspondant
Distribution des résultats
% des personnes avec chaque résultat
Percentile par nombre de réponses
Votre historique - résultats
Vous n’avez pas pris ce quiz